00289nam a2200109 a 45000010005000000030005000050050017000100080041000270400020000682450064000882600027001524510CDMR20130116135257.0130130s1976||||||||||||||||||||||||||||d aCDMRbcatcCDMR 0aEnciclopedia focal de las técnicas de cine y televisión aBarcelonac1976bOmega